Departementene i Norges regjering - Statistics

General Stats
  • This quiz has been taken 75 times
  • The average score is 10 of 15
Answer Stats
Regjeringens departementer % Correct
Nærings- og fiskeridepartementet
87%
Kunnskapsdepartementet
84%
Utenriksdepartementet
82%
Forsvarsdepartementet
79%
Helse- og omsorgsdepartementet
79%
Olje- og energidepartementet
79%
Finansdepartementet
74%
Landbruks- og matdepartementet
71%
Justis- og beredskapsdepartementet
66%
Kulturdepartementet
66%
Klima- og miljødepartementet
55%
Arbeids- og sosialdepartementet
53%
Samferdselsdepartementet
50%
Barne- og familiedepartementet
47%
Kommunal- og moderniseringsdepartementet
26%
No matching quizzes found
Score Distribution
Percent of People with Each Score
Percentile by Number Answered
Your Score History
You have not taken this quiz